One Piece Characters - Statistics

General Stats
  • This quiz has been taken 414 times
  • The average score is 39 of 50
Answer Stats
Hint Answer % Correct
Gave Luffy his straw hat Shanks
99%
Retired pirate hunter, Doesn't know left from right Zoro
99%
Has a self inflicted scar under his eye Luffy
98%
Fire Fist Ace
97%
Dreams of mapping the entire world Nami
97%
Long nose Ussop
97%
Dreams of curing every disease Chopper
96%
Controls the sand Crocodile
96%
Worlds Strongest Swordsman Mihawk
96%
"SUPERRRRRR" Franky
95%
Fire Fist (Part 2) Sabo
95%
Self proclaimed God of Lightning Enel
94%
Survivor of Ohara, Member of the Strawhats Robin
93%
Mr. Prince Sanji
92%
"Room! Shambles." Law
89%
Giraffe Swordsman Kaku
88%
Princess of Alabasta ViVi
87%
Tried to die by jumping off of Sky Island Kaido
86%
The Pheonix Marco
86%
"He Laughed" Roger
86%
Sharpest teeth in the east blue Arlong
85%
Throws cannonballs instead of firing them Garp
85%
"Big" fan of cake Big Mom
84%
Worlds Most Wanted Man Dragon
84%
Worlds Strongest Man Whitebeard
83%
Right hand man of Kaido King
81%
Gets around on a bike on the ocean Aokiji
80%
Lightspeed Kizaru
80%
Kaido's left hand man Queen
78%
Couldn't turn Luffy to stone Boa Hancock
77%
One shotted by Shanks Kid
77%
Smartest man in the world Vegapunk
77%
Controls Shadows Gecko Moria
74%
Sanji's adoptive father Zeff
74%
Has the power to change her age Bonney
73%
A springy guy who got humbled by Luffy Bellamy
71%
Mastered future sight Katakuri
68%
Pigeon Guy Lucci
68%
Despite being huge, he has a funny voice Pica
67%
Sacrificed himself during Whole cake Island Pedro
66%
Has a pet goat Sengoku
66%
Saved Luffy from Marine Ford, Latest member of the Straw Hats as of 2024 Jimbei
65%
Clashed with the previous answer in Sabaody Rayleigh
63%
Famous Fishman Fisher Tiger
62%
Sacrificed himself for Law Corazon
60%
Nami's Adoptive Mother Bellemere
59%
"Pirates are evil, the Marines are righteous! the winner decides it all!" Doflamingo
59%
Famous inventor of a destructive cannon ball Buggy
51%
Yohohohohohohoho Brooke
40%
Controls the trees Greenbull
30%
No matching quizzes found
Score Distribution
Percent of People with Each Score
Percentile by Number Answered
Your Score History
You have not taken this quiz